[Event "Dortmund op-A"]
[Site "Dortmund"]
[Date "1992.??.??"]
[Round "2"]
[White "Leko, Peter"]
[Black "Schumi, Manfred"]
[Result "1-0"]
[WhiteElo "2385"]
[BlackElo "2245"]

1.e4 c5 2.Nf3 d6 3.d4 cxd4 4.Nxd4 Nf6 5.Nc3 a6 6.Be3 e5 7.Nb3 Be6 8.f4 b5
9.f5 Bc4 10.Bxc4 bxc4 11.Nd2 d5 12.Nxd5 Nxd5 13.exd5 Qxd5 14.Qg4 c3 15.bxc3 Nd7
16.Ne4 Nf6 17.Nxf6+ gxf6 18.Rb1 Qc6 19.O-O h5 20.Qe2 Rg8 21.Rf2 h4 22.Rb6 Qxc3
23.Qd3 Qc7 24.Qb3 Be7 25.Rb7 Qc6 26.Rb6 Qe4 27.Rd2 Rd8 28.Rb8 Qc6 29.Rbxd8+ Bxd8
30.Qb8 Qc7 31.Qa8 Rg4 32.Qxa6 Rb4 33.Qa8 Rc4 34.h3 Rc3 35.Rd3 Rxd3 36.cxd3  1-0

[Event "Dortmund op-A"]
[Site "Dortmund"]
[Date "1992.??.??"]
[Round "3"]
[White "Pinnel, Peter"]
[Black "Leko, Peter"]
[Result "0-1"]
[WhiteElo "2215"]
[BlackElo "2385"]

1.d4 Nf6 2.Nf3 g6 3.Bf4 Bg7 4.e3 d6 5.h3 O-O 6.Be2 Nbd7 7.O-O Qe8 8.c3 e5
9.Bh2 Qe7 10.Qc2 Re8 11.a4 h5 12.Na3 e4 13.Nd2 Nf8 14.c4 Bf5 15.Nb5 Ne6 16.Rac1 a6
17.Nc3 Bh6 18.Qd1 Ng5 19.h4 Ngh7 20.Bg3 Bg4 21.b4 Qd7 22.Ra1 g5 23.Bxg4 hxg4
24.hxg5 Nxg5 25.Re1 Qf5 26.Qc2 Kg7 27.Bf4 Nf3+ 28.Nxf3 gxf3 29.Bg3 Nh5 30.gxf3 Qxf3
31.Qe2 Nxg3 32.fxg3 Qxg3+ 33.Qg2 Qxg2+ 34.Kxg2 c6 35.Kf2 f5 36.Rh1 Rh8 37.Ke2 Bg5
38.Rag1 Kf6 39.Kf2 Rh4 40.Rxh4 Bxh4+ 41.Ke2 Bg5 42.Rh1 Kg6  0-1

[Event "Dortmund op-A"]
[Site "Dortmund"]
[Date "1992.??.??"]
[Round "5"]
[White "Trisic, Alexandar"]
[Black "Leko, Peter"]
[Result "0-1"]
[WhiteElo "2220"]
[BlackElo "2385"]

1.d4 Nf6 2.Nf3 g6 3.c4 Bg7 4.Nc3 d5 5.cxd5 Nxd5 6.e4 Nxc3 7.bxc3 c5 8.Rb1 O-O
9.Be2 cxd4 10.cxd4 Qa5+ 11.Bd2 Qxa2 12.O-O Bg4 13.Bg5 h6 14.Be3 b6 15.h3 Bxf3
16.Bxf3 e5 17.d5 Nd7 18.Qd3 Nc5 19.Qb5 Qa4 20.Bxc5 Qxb5 21.Rxb5 bxc5 22.Rxc5 Rfc8
23.Rxc8+ Rxc8 24.Ra1 Rc7 25.Bg4 Bf8 26.Ra6 h5 27.Bf3 Bb4 28.Kh2 Kf8 29.Ra2 a5
30.Bd1 Rc4 31.f3 Rc1 32.Ba4 h4 33.g3 g5 34.Kg2 Ke7 35.Bc6 Kd6 36.Be8 f6 37.Kf2 Be1+
38.Kg2 hxg3 39.Ba4 Bf2  0-1

[Event "Dortmund op-A"]
[Site "Dortmund"]
[Date "1992.??.??"]
[Round "6"]
[White "Leko, Peter"]
[Black "Piskov, Yury"]
[Result "1/2-1/2"]
[WhiteElo "2385"]
[BlackElo "2500"]

1.e4 e6 2.d4 d5 3.Nd2 c5 4.exd5 exd5 5.Ngf3 Nf6 6.Bb5+ Bd7 7.Bxd7+ Nbxd7
8.O-O Be7 9.dxc5 Nxc5 10.Nd4 Qd7 11.N2f3 O-O 12.Re1 Nce4 13.Bf4 Bc5 14.c3 Rfe8
15.Qb3 a5 16.a4 Ra6 17.Rab1 Rb6 18.Qc2 Nh5 19.Be3 Rg6 20.Nh4 Rg4 21.Nhf5 Nf4
22.Ng3 Bxd4 23.Bxd4 Nxg3 24.hxg3 Rxe1+ 25.Rxe1 Ne6  1/2-1/2

[Event "Dortmund op-A"]
[Site "Dortmund"]
[Date "1992.??.??"]
[Round "10"]
[White "Leko, Peter"]
[Black "Theissen, Henning"]
[Result "1-0"]
[WhiteElo "2385"]
[BlackElo "2240"]

1.e4 c5 2.Nf3 d6 3.d4 cxd4 4.Nxd4 Nf6 5.Nc3 e6 6.f4 Be7 7.Qf3 O-O 8.Be3 e5
9.Nf5 Bxf5 10.exf5 Nbd7 11.O-O-O Qa5 12.g4 Rac8 13.g5 Rxc3 14.gxf6 Rxe3 15.Qxe3 Bxf6
16.Bc4 exf4 17.Qxf4 Nc5 18.Qf3 Qb4 19.Bb3 a5 20.c3 Nxb3+ 21.Kc2 Rc8 22.axb3 a4
23.bxa4 Qxa4+ 24.Kb1 b5 25.Rhe1 h6 26.Re4 Qa5 27.Rb4 Ra8 28.Kc2 Rc8 29.Qe4 Qa2
30.Rb3 Qa6 31.Qd5 Be5 32.Qxb5 Qa8 33.Qb7 Qxb7 34.Rxb7 Bxh2 35.b4 Be5 36.Rd3 f6
37.Kb3 Re8 38.c4 Kh7 39.c5 dxc5 40.bxc5 h5 41.Rdd7  1-0

[Event "Dortmund op-A"]
[Site "Dortmund"]
[Date "1992.??.??"]
[Round "11"]
[White "Grivas, Efstratios"]
[Black "Leko, Peter"]
[Result "1/2-1/2"]
[WhiteElo "2465"]
[BlackElo "2385"]

1.d4 Nf6 2.c4 g6 3.Nc3 d5 4.Nf3 Bg7 5.Bg5 Ne4 6.Bh4 Nxc3 7.bxc3 dxc4 8.Qa4+ Qd7
9.Qxc4 b6 10.e3 Ba6 11.Qb3 Bxf1 12.Kxf1 O-O 13.Ke2 c5 14.dxc5 Na6 15.Rhd1 Qb7
16.c6 Qxc6 17.Bxe7 Rfe8 18.Ba3 Rad8 19.Rac1 Nc7 20.c4 Ne6 21.Kf1 Qe4 22.Rd5 Rc8
23.Qd3 Qxd3+ 24.Rxd3 Rc7 25.Nd2 f5 26.Rb1 Bf8 27.Bxf8 Kxf8 28.h3 Nc5 29.Rd4 h5
30.h4 Ke7 31.g3 Rec8 32.Ke2 Rc6 33.Rb5 Ne6 34.Rd3 Nc5 35.Rd5 Kf6 36.Rb2 R8c7
37.Rb4 Na6 38.Rb2 Nc5 39.Rc2 Rc8 40.Rd4 Ke7 41.f3 Ne6 42.Rd5 Nc7 43.Rd3 Nb5
44.a4 Nd6 45.Rd4 Rc5 46.g4 hxg4 47.fxg4 fxg4 48.Rxg4 Kf7 49.Ne4 Nxe4 50.Rxe4 Ra5
51.Ra2 Rd8 52.Ra1 Rd6 53.Kf3 Rd2 54.Rd4 Rh2 55.Ra3 Rc2 56.Ke4 Rh2 57.Kd3 Ke6
58.Ra1 Rg2 59.Re4+ Kd6 60.Kc3 Re5 61.Rxe5 Kxe5 62.a5 Rg3 63.Kd3 Kd6 64.axb6 axb6
65.Ra8 Rg4 66.Rf8 Rxh4 67.Rf6+ Kc5 68.Rxg6 Rxc4 69.Rxb6 Kxb6 70.Kxc4  1/2-1/2

[Event "Wch U14"]
[Site "Duisburg"]
[Date "1992.??.??"]
[Round "9"]
[White "Ooi Chern Ee"]
[Black "Leko, Peter"]
[Result "1/2-1/2"]
[WhiteElo "2330"]
[BlackElo "2460"]

1.e4 Nf6 2.Nc3 e5 3.f4 d5 4.fxe5 Nxe4 5.Nf3 c5 6.Qe2 Nxc3 7.dxc3 Be7 8.Bf4 O-O
9.O-O-O Qa5 10.Kb1 Nc6 11.Qb5 Be6 12.Qxa5 Nxa5 13.Ng5 Nc6 14.Nxe6 fxe6 15.Bg3 Bg5
16.Bb5 Rac8 17.Be2 Bf4 18.c4 Bxg3 19.hxg3 d4 20.Bg4 Rce8 21.Rhe1 Rf2 22.Bf3 Ne7
23.g4 b6 24.Kc1 Ng6 25.Rd2 Rxd2 26.Kxd2 Rf8 27.c3 Nh4 28.cxd4 Nxf3+ 29.gxf3 Rxf3
30.Re4 Rf2+ 31.Ke3 Rxb2 32.d5 Kf7 33.Rf4+ Ke8 34.dxe6 Ke7 35.Rf7+ Kxe6 36.Rxa7 Kxe5
37.Rxg7 Rxa2 38.Re7+ Kf6 39.Rxh7 Ra4 40.Kd3 Rb4 41.Rh5  1/2-1/2

[Event "HUN-ch"]
[Site "?"]
[Date "1992.??.??"]
[Round "1"]
[White "Csom, Istvan"]
[Black "Leko, Peter"]
[Result "1/2-1/2"]
[WhiteElo "2540"]
[BlackElo "2460"]

1.c4 e5 2.g3 c6 3.d4 Bb4+ 4.Bd2 Bxd2+ 5.Qxd2 d6 6.Nc3 Nf6 7.dxe5 dxe5 8.Qxd8+ Kxd8
9.Nf3 Nbd7 10.Rd1 Kc7 11.Bh3 Re8 12.Ng5 Re7 13.Nge4 Nxe4 14.Nxe4 Nb6 15.Bxc8 Rxc8
16.b3 Rd8 17.Rxd8 Kxd8 18.g4 Kc7 19.Kd2 Nd7 20.Kc3 Nf8 21.Rd1 Ne6 22.e3 f6
23.h4 b6 24.b4 Rd7 25.Ra1 Rf7 26.Rd1 Rd7 27.Ra1 Rf7 28.Rd1 Rd7  1/2-1/2

[Event "HUN-ch"]
[Site "?"]
[Date "1992.??.??"]
[Round "3"]
[White "Farago, Ivan"]
[Black "Leko, Peter"]
[Result "1/2-1/2"]
[WhiteElo "2510"]
[BlackElo "2460"]

1.d4 Nf6 2.c4 c5 3.d5 b5 4.cxb5 a6 5.e3 g6 6.Nc3 Bg7 7.e4 O-O 8.a4 Bb7 9.Nf3 e6
10.Be2 exd5 11.exd5 axb5 12.Bxb5 Re8+ 13.Be3 Ng4 14.O-O Nxe3 15.fxe3 Na6
16.e4 Nc7 17.Bd3 d6 18.Qd2 Ba6 19.Rfe1 Bxd3 20.Qxd3 Qd7 21.b3 Rab8 22.Rab1 Re7
23.Nd1 Rb4 24.Nf2 Qe8 25.h3 h5 26.Rec1 Bh6 27.Rc4 Na6 28.g3 Rb6 29.Kg2 Nb4
30.Qc3 Qf8 31.g4 Bg7 32.Qd2 Bh6 33.Qc3 Bg7 34.Qd2 Bh6 35.g5 Bg7 36.Nd3 Nxd3
37.Qxd3 Qb8 38.Nd2 f6 39.gxf6 Bxf6 40.Rc2 Qd8 41.Nc4 Rbb7 42.Rf1 Bd4 43.Qg3 Rxe4
44.Nxd6 Re3 45.Qf4 Rbxb3 46.Ne4 Rxe4 47.Qxe4 Qg5+ 48.Kh1 Rxh3+ 49.Rh2 Rxh2+
50.Kxh2 Be5+ 51.Kh1 Qg3 52.Rf2 Qxf2 53.Qxe5 Qf1+ 54.Kh2 Qf2+ 55.Kh1  1/2-1/2

[Event "HUN-ch"]
[Site "?"]
[Date "1992.??.??"]
[Round "4"]
[White "Szekely, Peter"]
[Black "Leko, Peter"]
[Result "1/2-1/2"]
[WhiteElo "2435"]
[BlackElo "2460"]

1.Nf3 g6 2.d4 Nf6 3.g3 Bg7 4.Bg2 d5 5.O-O O-O 6.c3 Nbd7 7.Nbd2 Re8 8.e4 dxe4
9.Ng5 e5 10.dxe5 Nxe5 11.Ndxe4 Qxd1 12.Nxf6+ Bxf6 13.Rxd1 Bg4 14.f3 Bxg5
15.fxg4 Bxc1 16.Raxc1 h6 17.Rd4 c5 18.Ra4 Nd3 19.Rf1 Re7 20.b3 Kg7 21.Ra5 a6
22.Rd1  1/2-1/2

[Event "Munich op9192"]
[Site "Munich"]
[Date "1992.??.??"]
[Round "8"]
[White "De Francesco, Klaus"]
[Black "Leko, Peter"]
[Result "0-1"]
[WhiteElo "2265"]
[BlackElo "2385"]

1.d4 Nf6 2.Bf4 g6 3.c3 Bg7 4.e3 d6 5.h3 O-O 6.Nf3 b6 7.Be2 Bb7 8.O-O Nbd7
9.a4 a6 10.Nbd2 e6 11.Bh2 Qe7 12.b4 e5 13.Qb3 e4 14.Ne1 h5 15.Rc1 Rab8 16.b5 a5
17.c4 Rbc8 18.Qc2 Rfd8 19.Nb3 Bf8 20.Qa2 Qe8 21.Nc2 Nh7 22.Nca1 Ng5 23.Nd2 Qe6
24.Rc3 Bg7 25.Rfc1 Qf5 26.Qc2 Re8 27.Ra3 Re6 28.Nab3 Bf8 29.Ra2 Rf6 30.Bg3 Re6
31.Qd1 Ree8 32.Rac2 Ne6 33.Nb1 Bh6 34.Nc3 Kh7 35.Nd2 Ng7 36.Nd5 Qe6 37.Nf4 Qf6
38.Nd5 Qd8 39.Nxc7 Qxc7 40.c5 Nf5 41.c6 Nxg3 42.fxg3 Bxe3+ 43.Kh2 d5 44.Bxh5 Nf6
45.Bg4 Nxg4+ 46.Qxg4 Ba8 47.Rf1 Kg7 48.Qd7 Re7 49.Qxd5 Rd8 50.Qb3 Bxd4 51.Re1 f5
52.Nc4 Bc5 53.Ne3 Rd3 54.Rc3 Qe5 55.Rxd3 exd3 56.Ng4 Qxe1 57.Qb2+ Re5 58.Nxe5 Qg1+  0-1

[Event "Nettetal"]
[Site "Nettetal"]
[Date "1992.??.??"]
[Round "1"]
[White "Leko, Peter"]
[Black "Van der Sterren, Paul"]
[Result "0-1"]
[WhiteElo "2385"]
[BlackElo "2535"]

1.e4 e5 2.Nf3 Nc6 3.d4 exd4 4.Nxd4 Bc5 5.Be3 Qf6 6.c3 Nge7 7.Bc4 O-O 8.O-O Bb6
9.Na3 Qg6 10.Nxc6 bxc6 11.Re1 d6 12.Qd2 Bb7 13.Rad1 h6 14.Nc2 Rad8 15.Qc1 Rfe8
16.f3 Qf6 17.Kh1 Ng6 18.Bd4 Qh4 19.Bf1 d5 20.exd5 cxd5 21.b4 c6 22.Rxe8+ Rxe8
23.Re1 Ra8 24.g3 Qd8 25.Qe3 Nf8 26.Qe7 Qc8 27.Bh3 Qxh3 28.Qxb7 Bxd4 29.Nxd4 Re8
30.Rd1 Re3 31.Qxc6 Rd3 32.Qa4 Rd2  0-1

[Event "Nettetal"]
[Site "Nettetal"]
[Date "1992.??.??"]
[Round "2"]
[White "Luecke, Norbert"]
[Black "Leko, Peter"]
[Result "1/2-1/2"]
[WhiteElo "2395"]
[BlackElo "2385"]

1.e4 c5 2.Nf3 d6 3.d4 cxd4 4.Nxd4 Nf6 5.Nc3 Nc6 6.Be2 g6 7.O-O Bg7 8.Be3 O-O
9.Nb3 Be6 10.Qd2 Rc8 11.Rad1 Ne5 12.Bh6 Bc4 13.Bxg7 Kxg7 14.Rfe1 Bxe2 15.Rxe2 Nc4
16.Qc1 Nd7 17.Nd5 Nde5 18.Nd4 Nc6 19.b3 Nxd4 20.Rxd4 Ne5 21.Qb2 Kg8 22.f4 Nd7
23.Ne3 Qb6 24.Nd5 Qd8 25.Ne3 Qb6 26.Nd5  1/2-1/2

[Event "Nettetal"]
[Site "Nettetal"]
[Date "1992.??.??"]
[Round "6"]
[White "Schlosser, Philipp"]
[Black "Leko, Peter"]
[Result "0-1"]
[WhiteElo "2485"]
[BlackElo "2385"]

1.Nf3 Nf6 2.c4 g6 3.g3 Bg7 4.Bg2 d5 5.cxd5 Nxd5 6.d4 Nb6 7.O-O Nc6 8.Nc3 O-O
9.d5 Na5 10.Qc2 c6 11.dxc6 Nxc6 12.Rd1 Bf5 13.e4 Bd7 14.Bf4 Rc8 15.Qe2 Qe8
16.Nd5 Bg4 17.Nxb6 axb6 18.e5 Rd8 19.Qe3 Rxd1+ 20.Rxd1 Qa8 21.h3 Bxf3 22.Bxf3 Qxa2
23.Bxc6 bxc6 24.Qxb6 Qe6 25.Qc7 f6 26.Rd7 Re8 27.Qb7 fxe5 28.Be3 e4 29.Rc7 Qxh3
30.Rxc6 Be5 31.Rxg6+ hxg6 32.Qd5+ Kf8 33.Qxe5 Qf5 34.Qd4 e5 35.Qd5 Kg7 36.Qb7+ Kh8
37.Qd5 Kg7 38.b4 Re7 39.Bc5 Rd7 40.Bd6 Kh7 41.Qxe5 Qxe5 42.Bxe5 Rd1+ 43.Kg2 Rb1
44.Bd6 Kh6 45.Bc5 Kg5 46.Kh3 Kf5 47.Bf8 g5 48.Bc5 g4+ 49.Kg2 Ke5 50.Bf8 Kd4
51.Kh2 Kd3 52.Bc5 Ke2 53.Kg2 Rb3 54.Bf8 Rb2 55.Bc5 Rb1 56.Be7 e3  0-1

[Event "Nettetal"]
[Site "Nettetal"]
[Date "1992.??.??"]
[Round "7"]
[White "Leko, Peter"]
[Black "Kuijf, Marinus"]
[Result "1/2-1/2"]
[WhiteElo "2385"]
[BlackElo "2440"]

1.e4 c5 2.Nf3 Nc6 3.d4 cxd4 4.Nxd4 e5 5.Nb5 Nf6 6.N1c3 d6 7.Bg5 a6 8.Na3 b5
9.Bxf6 gxf6 10.Nd5 Bg7 11.Bd3 Ne7 12.Nxe7 Qxe7 13.c3 f5 14.Nc2 Qb7 15.Qf3 O-O
16.Ne3 f4 17.Nd5 Be6 18.g4 Rae8 19.Kf1 f5 20.gxf5 Rxf5 21.Rg1 Rf7 22.Rd1 Qc8
23.Be2 Kh8 24.Kg2 Rg8 25.Kh1 Bf8 26.Qh5 Rxg1+ 27.Rxg1 Rg7 28.Rxg7 Bxg7 29.Qg5 Qf8
30.Bg4 Bxd5 31.exd5 e4 32.Qf5 Qxf5 33.Bxf5 e3 34.fxe3 fxe3 35.Kg2 a5 36.Kf3 b4
37.Kxe3 bxc3 38.bxc3 Bxc3 39.Kd3 Be5 40.Kc4 Kg7  1/2-1/2

[Event "Nettetal"]
[Site "Nettetal"]
[Date "1992.??.??"]
[Round "9"]
[White "Leko, Peter"]
[Black "Stangl, Markus"]
[Result "1/2-1/2"]
[WhiteElo "2385"]
[BlackElo "2465"]

1.e4 c5 2.Nf3 d6 3.d4 cxd4 4.Nxd4 Nf6 5.Nc3 a6 6.Be3 e5 7.Nb3 Be6 8.f4 Ng4
9.Bd2 Qb6 10.Qf3 exf4 11.Qxf4 Nd7 12.Be2 Ngf6 13.Be3 Qc7 14.O-O-O Be7 15.g4 Ne5
16.g5 Nfd7 17.Nd4 O-O 18.Nf5 Rfe8 19.Nxe7+ Rxe7 20.Kb1 Rc8 21.Rd4 Nb6 22.Bc1 Rd7
23.Rhd1 f6 24.gxf6 Rf8 25.Qg3 Rxf6 26.b3 Qc5 27.Bb2 Rg6 28.Qe1 Rg2 29.Qh1 Rg6
30.Qe1 Rg2 31.Qh1 Rg6 32.Qe1  1/2-1/2

[Event "Nettetal"]
[Site "Nettetal"]
[Date "1992.??.??"]
[Round "10"]
[White "Lechtynsky, Jiri"]
[Black "Leko, Peter"]
[Result "1/2-1/2"]
[WhiteElo "2410"]
[BlackElo "2385"]

1.Nf3 Nf6 2.c4 g6 3.Nc3 d5 4.Qa4+ Bd7 5.Qb3 dxc4 6.Qxc4 Nc6 7.g3 Bg7 8.Bg2 O-O
9.O-O Bg4 10.d3 Bxf3 11.Bxf3 Ne5 12.Qf4 Nxf3+ 13.Qxf3 c6 14.Bd2 Nd5 15.Rfc1 Qd7
16.Rab1 Nc7 17.Na4 Ne6 18.Nc5 Nxc5 19.Rxc5 Qe6 20.b3 Rfd8 21.Be3 Bd4 22.Bxd4 Rxd4
23.Qe3 Qxe3 24.fxe3 Rd7 25.b4  1/2-1/2

[Event "Sydney op"]
[Site "Sydney"]
[Date "1992.??.??"]
[Round "3"]
[White "Viner, Phillip"]
[Black "Leko, Peter"]
[Result "0-1"]
[WhiteElo "2210"]
[BlackElo "2460"]

1.d4 Nf6 2.Nf3 c5 3.e3 g6 4.Bd3 Bg7 5.O-O O-O 6.b3 b6 7.Bb2 Bb7 8.c4 cxd4
9.exd4 d5 10.Nbd2 Nc6 11.Re1 Nh5 12.Bf1 dxc4 13.Nxc4 Nb4 14.Nce5 Rc8 15.Bc4 Nd5
16.Qd2 Nhf4 17.Kf1 Qd6 18.a3 Rc7 19.Rac1 Rfc8 20.Ng4 Nxg2 21.Kxg2 Nf4+ 22.Kg3 Ne2+
23.Kg2 Nxc1 24.Rxc1 Bxf3+ 25.Kxf3 b5 26.Be2 Rxc1 27.Bxc1 Qc6+  0-1

[Event "Sydney op"]
[Site "Sydney"]
[Date "1992.??.??"]
[Round "4"]
[White "Leko, Peter"]
[Black "Feldman, Vladimir"]
[Result "1-0"]
[WhiteElo "2460"]
[BlackElo "2335"]

1.e4 c5 2.Nf3 d6 3.d4 cxd4 4.Nxd4 Nf6 5.Nc3 a6 6.Be3 e6 7.f4 b5 8.Qf3 Bb7
9.Bd3 Nbd7 10.g4 Nc5 11.g5 b4 12.gxf6 bxc3 13.fxg7 Bxg7 14.b4 Nxd3+ 15.cxd3 Bf6
16.Rg1 Qd7 17.Qh5 Rc8 18.Rc1 c2 19.Qh6 Qe7 20.Rxc2 Kd7 21.Rxc8 Rxc8 22.Ke2 Bxd4
23.Bxd4 Rc2+ 24.Kd1 Rxa2 25.Bf6 Rxh2 26.Qxh2 Qxf6 27.e5 dxe5 28.fxe5 Qf3+
29.Kd2 Bc6 30.Rg3 Qf5 31.Re3  1-0

[Event "Sydney op"]
[Site "Sydney"]
[Date "1992.??.??"]
[Round "6"]
[White "Leko, Peter"]
[Black "Jamieson, Robert Murray"]
[Result "1/2-1/2"]
[WhiteElo "2460"]
[BlackElo "2455"]

1.e4 c5 2.Nf3 Nc6 3.d4 cxd4 4.Nxd4 Nf6 5.Nc3 e5 6.Ndb5 d6 7.Bg5 a6 8.Na3 Be6
9.Nc4 Rc8 10.Nd5 Bxd5 11.Bxf6 Qxf6 12.Qxd5 Be7 13.c3 O-O 14.Nb6 Rc7 15.Qd3 Qg6
16.g3 Bd8 17.Nd5 Rc8 18.Bh3 Rb8 19.Bf5 Qh6 20.Rd1 g6 21.Bd7 Qg7 22.Bxc6 bxc6
23.Nb4 c5 24.Qxd6 Be7 25.Qxe7 cxb4 26.cxb4 Rfe8 27.Qd6 Qf8 28.a3 a5 29.bxa5 Rxb2
30.O-O Qxd6 31.Rxd6 Ra2 32.Rb1 Rxa3 33.a6 Ra8 34.Rbb6 Ra4 35.Kg2 Kg7 36.h3 h5
37.Rdc6 Ra7 38.g4 hxg4 39.hxg4 Rxe4 40.Kg3 Ra4 41.g5 Ra3+ 42.Kg2 e4 43.Rb4  1/2-1/2

[Event "Sydney op"]
[Site "Sydney"]
[Date "1992.??.??"]
[Round "7"]
[White "Sandler, Leonid"]
[Black "Leko, Peter"]
[Result "0-1"]
[WhiteElo "2315"]
[BlackElo "2460"]

1.c4 e5 2.Nc3 Bb4 3.Nd5 Bc5 4.e3 c6 5.Nc3 Nf6 6.d4 exd4 7.exd4 Bb6 8.Qe2+ Qe7
9.Qxe7+ Kxe7 10.c5 Bc7 11.Bc4 Re8 12.Nge2 d5 13.cxd6+ Bxd6 14.O-O Nbd7 15.Bf4 Bxf4
16.Nxf4 Nb6 17.Rfe1+ Kf8 18.Rxe8+ Kxe8 19.Re1+ Kf8 20.Bb3 Bf5 21.f3 Rd8 22.Rd1 g5
23.Nfe2 Re8 24.Kf2 Be6 25.Bxe6 Rxe6 26.Ng3 g4 27.Nge4 gxf3 28.gxf3 Nbd5 29.Nxf6 Nxf6
30.d5 cxd5 31.Nxd5 Rd6 32.Nc3 Rxd1 33.Nxd1 Nd5 34.a3 Ke7 35.Ne3 Kd6 36.Ke2 Nxe3
37.Kxe3 Ke5 38.f4+ Kd5 39.b3 b5 40.Kd3 a5 41.h3 h6 42.Ke3 a4 43.bxa4 bxa4
44.Kd3 f5  0-1

[Event "Sydney op"]
[Site "Sydney"]
[Date "1992.??.??"]
[Round "8"]
[White "Leko, Peter"]
[Black "Levi, Eddy"]
[Result "1-0"]
[WhiteElo "2460"]
[BlackElo "2315"]

1.e4 e5 2.Nf3 Nf6 3.d4 Nxe4 4.Bd3 d5 5.Nxe5 Nd7 6.Nxd7 Bxd7 7.O-O Qh4 8.c4 O-O-O
9.c5 g5 10.f3 Nf6 11.Be3 Bg7 12.Nc3 Nh5 13.Ne2 Nf4 14.g3 Nxe2+ 15.Bxe2 Qh5
16.f4 Qg6 17.fxg5 Qe4 18.Bf2 Bh3 19.Bf3 Qf5 20.Be3 Rhe8 21.Bg2 Qe6 22.Bxh3 Qxh3
23.Qf3 Re4 24.Rad1 Rde8 25.Bf2 Rh4 26.Qg2 Qxg2+ 27.Kxg2 Rhe4 28.Bg1 R8e7
29.Rf5 Re2+ 30.Kh3 Rxb2 31.Rxd5 Rxa2 32.Rf5 c6 33.Rdf1 a5 34.Rxf7 Kd7 35.Rxe7+ Kxe7
36.Rb1 Kf7 37.Rxb7+ Kg6 38.Rc7 a4 39.Rxc6+ Kxg5 40.Ra6 a3 41.c6 Rc2 42.Rxa3 Rxc6
43.Ra7 Kg6 44.Rd7 Bh6 45.d5 Rc3 46.Kg4 Rc4+ 47.Kf3 Bg5 48.Rd6+ Kf5 49.Re6 Rc3+
50.Be3 Bxe3 51.Rxe3 Rc5 52.Rd3 Rc8 53.d6 Ke6 54.d7 Rd8 55.Kf4 Ke7 56.Ke5 h6
57.Rd2 h5 58.Rd4  1-0

[Event "Sydney op"]
[Site "Sydney"]
[Date "1992.??.??"]
[Round "9"]
[White "Leko, Peter"]
[Black "Rogers, Ian"]
[Result "1/2-1/2"]
[WhiteElo "2460"]
[BlackElo "2565"]

1.e4 c6 2.Nc3 d5 3.Nf3 Bg4 4.h3 Bxf3 5.Qxf3 e6 6.Be2 Nd7 7.d3 Ngf6 8.Qg3 dxe4
9.Nxe4 Nxe4 10.dxe4 Nc5 11.Qe3 Qh4 12.e5 Nd7 13.O-O Bc5 14.Qb3 O-O-O 15.Be3 Qe4
16.Bxc5 Nxc5 17.Qa3 Qxe2 18.Qxc5 Kb8 19.Rfe1 Qd2 20.Qc4 Rd4 21.Qe2 Rhd8 22.c3 R4d7
23.Qg4 g6 24.Re2 Qd3 25.Rae1 h5 26.Qf4 Qd5 27.a3 Qc5 28.Qf6 Qe7 29.Qxe7 Rxe7
30.Re4 Kc7 31.Kf1 Rd2 32.R1e2 Rd5 33.g4 hxg4 34.hxg4 Re8 35.Rf4 Rd7 36.Re3 Rh8
37.Ref3 Rh7 38.Ke2 g5 39.Ra4 a6 40.Re4 Kd8 41.Rd3 Rd5 42.c4 Rxd3 43.Kxd3 c5  1/2-1/2

[Event "Sydney op"]
[Site "Sydney"]
[Date "1992.??.??"]
[Round "10"]
[White "Gluzman, Mikhail"]
[Black "Leko, Peter"]
[Result "0-1"]
[WhiteElo "2440"]
[BlackElo "2460"]

1.e4 Nf6 2.Nc3 d5 3.exd5 Nxd5 4.Bc4 Nb6 5.Bb3 Nc6 6.Nf3 Bf5 7.d4 e6 8.Be3 Be7
9.h3 Na5 10.Qe2 Nxb3 11.axb3 h6 12.Ne5 c6 13.g4 Bh7 14.h4 Nd5 15.g5 Bf5 16.gxh6 Nxe3
17.fxe3 Bxh4+ 18.Kd2 Rxh6 19.Qg2 Bg5 20.Nf3 Rxh1 21.Rxh1 Bh6 22.b4 Qd6 23.b5 cxb5
24.Rxh6 gxh6 25.Ne5 O-O-O 26.Nxf7 Qc6 27.d5 Rxd5+  0-1

[Event "Sydney op"]
[Site "Sydney"]
[Date "1992.??.??"]
[Round "11"]
[White "Leko, Peter"]
[Black "Veroci, Zsuzsa"]
[Result "1/2-1/2"]
[WhiteElo "2460"]
[BlackElo "2325"]

1.e4 e5 2.Nf3 Nc6 3.Bb5 a6 4.Ba4 d6 5.c3 Bd7 6.d4 g6 7.d5 Nce7 8.c4 Bg7 9.Nc3 Nf6
10.O-O O-O 11.Bxd7 Nxd7 12.Ne1 f5 13.Nd3 Nf6 14.f3 fxe4 15.fxe4 Qd7 16.Bg5 h6
17.Bd2 Rf7 18.Qe2 Raf8 19.Rf3 Nh7 20.Raf1 Rxf3 21.Rxf3 Rxf3 22.Qxf3 h5 23.Qd1 Bf6
24.Qb3 b6 25.Qa4 Qxa4 26.Nxa4 a5 27.b4 axb4 28.Nxb4 Nc8 29.Nc3 Na7 30.a4 Bg5
31.Bxg5 Nxg5 32.Na6 c5 33.Nc7 Kf8 34.h4 Nh7 35.Kf2 Nf6 36.Kf3 Nc8 37.Nd1 Ng4
38.Ne3 Nxe3 39.Kxe3 Kf7 40.Kd3 Ke7 41.Kc3 Kd7 42.Ne6 Ke7 43.Kb3 Kf7 44.Ng5+ Ke7
45.g3 Kf6 46.Nf3 Kf7 47.Nd2 Ke7  1/2-1/2

[Event "AUT-chT"]
[Site "?"]
[Date "1993.??.??"]
[Round "?"]
[White "Leko, Peter"]
[Black "Titz, Heimo"]
[Result "1/2-1/2"]
[WhiteElo "2460"]
[BlackElo "2345"]

1.e4 c5 2.Nf3 Nc6 3.d4 cxd4 4.Nxd4 Qc7 5.Be3 Nf6 6.Nc3 e6 7.Ndb5 Qb8 8.f4 a6
9.Nd4 Bb4 10.Qf3 d5 11.exd5 Nxd5 12.Nxc6 bxc6 13.Bd2 O-O 14.Bd3 Qb6 15.Qe4 f5
16.Qe5 Rd8 17.O-O-O Bd6 18.Nxd5 exd5 19.Qc3 Be6 20.Rhe1 Re8 21.Rxe6 Rxe6
22.Bxf5 Rf6 23.Qh3 g6 24.Be6+ Kg7 25.Bc3 Bxf4+ 26.Kb1 Rf8 27.Bd4 Qc7 28.Qc3 Qd6
29.Re1 Bxh2 30.Bc5 Qb8 31.g3 h5 32.Rf1 Bxg3 33.Bd4 Bh4 34.Qxc6 Kh6 35.Be3+ g5
36.Rf5 Qb5 37.Rxf6+ Rxf6 38.Qc8 Qf1+ 39.Bc1 Rf8 40.Qc6 Qf6 41.Qxd5 Rd8 42.Qc4 Be1
43.a4 a5 44.Bd5 Qe5 45.Be4 Rd4 46.Qc6+ Qd6 47.Qe8 Qf6 48.Bf3 Qxf3 49.Qh8+ Kg6
50.Qxd4 Bb4 51.Qe5 Qf5 52.Qe8+ Kh6 53.Qh8+ Kg6 54.Qe8+ Kh6 55.Qh8+ Kg6  1/2-1/2

[Event "AUT-chT"]
[Site "?"]
[Date "1993.??.??"]
[Round "?"]
[White "Hager, Franz"]
[Black "Leko, Peter"]
[Result "0-1"]
[WhiteElo "2295"]
[BlackElo "2460"]

1.d4 Nf6 2.c4 c5 3.d5 b5 4.cxb5 a6 5.bxa6 g6 6.g3 Bg7 7.Bg2 d6 8.Nc3 Bxa6
9.Nf3 Nbd7 10.O-O Nb6 11.Re1 O-O 12.e4 Nfd7 13.Bf4 Nc4 14.Qc2 Qa5 15.Rac1 Rfb8
16.b3 Nce5 17.Nxe5 Nxe5 18.Bxe5 Bxe5 19.f4 Bd4+ 20.Kh1 Bxc3 21.Qxc3 Qxa2
22.Re3 Qa3 23.Ra1 Qb4 24.h4 Qxc3 25.Rxc3 Bb5 26.Re1 Ra2 27.e5 Rba8 28.f5 Ra1
29.Rxa1 Rxa1+ 30.Kh2 gxf5 31.exd6 exd6 32.Rf3 Bd7 33.Bh3 Ra2+ 34.Kg1 Rb2
35.Bf1 Kg7 36.Bc4 Rd2 37.Rf1 Bc8 38.Re1 Bb7 39.Re7 Bxd5 40.Rd7 Bxc4  0-1

[Event "Wch U14"]
[Site "Bratislava"]
[Date "1993.??.??"]
[Round "4"]
[White "Leko, Peter"]
[Black "Diaz, A."]
[Result "1-0"]
[WhiteElo "2465"]
[BlackElo "2245"]

1.e4 c5 2.Nf3 e6 3.d4 cxd4 4.Nxd4 Nf6 5.Nc3 d6 6.f4 a6 7.Qf3 Qb6 8.a3 Nc6
9.Nxc6 Qxc6 10.Bd3 Be7 11.Bd2 b5 12.O-O Bb7 13.Kh1 h5 14.Rae1 O-O 15.Qh3 h4
16.Re2 Nd7 17.Be1 Nc5 18.Bxh4 Qd7 19.f5 Bxh4 20.Qxh4 f6 21.Re3 e5 22.Be2 Kf7
23.b4 Na4 24.Nxa4 bxa4 25.Qh5+ Ke7 26.Qg6 Kd8 27.Rd1 Kc7 28.c4 Qf7 29.Qg3 Rac8
30.Qf2 Rfd8 31.Rc3 Kb8 32.Qe3 Qe7 33.Bf3 Qf7 34.Qd3 Qe7 35.Qc2 Qe8 36.Rcd3 Qe7
37.h3 Qf8 38.Rc1 Qe7 39.Qxa4 d5 40.exd5 e4 41.Re3 Rxd5 42.Rxe4 Re5 43.Rxe5 Qxe5
44.Bxb7 Kxb7 45.Qd7+ Rc7 46.Qe6 Qf4 47.Qd5+ Kb8 48.Qd8+ Kb7 49.Qd5+ Kb8 50.Re1 Rc8
51.c5 Qc7 52.Qd6 Qxd6 53.cxd6 Rd8 54.Re6 Rd7 55.Kh2 Kb7 56.Re7 Kc6 57.Rxd7 Kxd7
58.Kg3 Kxd6 59.Kg4 Kc6 60.a4  1-0

[Event "Wch U14"]
[Site "Bratislava"]
[Date "1993.??.??"]
[Round "11"]
[White "Bates, Richard"]
[Black "Leko, Peter"]
[Result "0-1"]
[WhiteElo "2200"]
[BlackElo "2465"]

1.d4 Nf6 2.c4 c5 3.d5 b5 4.cxb5 a6 5.f3 axb5 6.e4 Qa5+ 7.Bd2 b4 8.Na3 d6
9.Nc4 Qa7 10.Bd3 g6 11.Ne2 Bg7 12.a3 Nfd7 13.f4 O-O 14.Be3 Nb6 15.Qc2 N8d7
16.Kf2 b3 17.Qxb3 Rb8 18.Qc2 Nxc4 19.Qxc4 Rxb2 20.Rab1 Nb6 21.Qc1 Qxa3 22.Qd1 Qb4
23.Bd2 Qb3 24.Rxb2 Bxb2 25.Qb1 Bg4 26.f5 Nc4 27.Bh6 Na3  0-1

[Event "Brno"]
[Site "Brno"]
[Date "1993.??.??"]
[Round "6"]
[White "Chernin, Alexander"]
[Black "Leko, Peter"]
[Result "1/2-1/2"]
[WhiteElo "2615"]
[BlackElo "2555"]

1.d4 Nf6 2.c4 c5 3.d5 b5 4.cxb5 a6 5.f3 axb5 6.e4 Qa5+ 7.Bd2 b4 8.Na3 d6
9.Nc4 Qa7 10.Bd3 g6 11.Ne2 Bg7 12.O-O Nfd7 13.a3 Ne5 14.Nxe5 c4+ 15.Kh1 Bxe5
16.Bxc4 Bxb2 17.Bb5+ Nd7 18.Bc6 Rb8 19.a4 Bxa1 20.Qxa1 f6 21.Nd4 O-O 22.Bb5 Ba6
23.Nc6 Qb7 24.Nxe7+ Kf7 25.Nc6 Bxb5 26.axb5 Ra8 27.Qb1 Qxb5 28.Bxb4 Nc5 29.h3 Ra4
30.Bxc5 Qxc5 31.Qb7+ Kg8 32.Qd7 Raa8 33.Ne7+ Kh8 34.Nc6 f5 35.exf5 Rxf5 36.Re1 Raf8
37.Re7 Qc1+ 38.Kh2 Qf4+ 39.Kh1 R5f7 40.Rxf7 Rxf7 41.Qe8+ Rf8 42.Qe2 h5 43.Qb2+ Kh7
44.Nd4 Qf6 45.Qd2 Rb8 46.f4 Rb1+ 47.Kh2 h4 48.Nf3 Kg8 49.Ng1 Kf8 50.Nf3 Kg8
51.Ng1 Ra1 52.Qb4 Rd1 53.Nf3 Kg7 54.Qe4 Kh6 55.Qc4 Rb1 56.Qe4 Rb5 57.Ng5 Rb2
58.Nf3 Ra2 59.Nd4 Rd2 60.Nf3 Rd1 61.Qc4 Ra1  1/2-1/2

[Event "Brno"]
[Site "Brno"]
[Date "1993.??.??"]
[Round "9"]
[White "Leko, Peter"]
[Black "Boensch, Uwe"]
[Result "1-0"]
[WhiteElo "2555"]
[BlackElo "2525"]

1.e4 c5 2.Nf3 Nc6 3.d4 cxd4 4.Nxd4 e5 5.Nb5 d6 6.c4 Be7 7.N1c3 a6 8.Na3 Be6
9.Be2 Nd4 10.O-O Nf6 11.Be3 Nxe2+ 12.Qxe2 O-O 13.Rfd1 Qa5 14.Bg5 Rfc8 15.Bxf6 Bxf6
16.Nd5 Bg5 17.Rd3 Rab8 18.b4 Qd8 19.Rad1 g6 20.Qb2 h5 21.h3 h4 22.Rc3 b5
23.c5 dxc5 24.Rxc5 Bf4 25.Nb1 Qg5 26.Kf1 Rxc5 27.bxc5 Rc8 28.Qc2 Rc6 29.Na3 Kg7
30.Qc3 f5 31.exf5 gxf5 32.Nc2 Bxd5 33.Rxd5 Qf6 34.Rd7+ Kg6 35.Nb4 Qe6 36.Ra7 Qd6
37.Nxc6 Qxc6 38.Qa5 Qxc5 39.Qxa6+  1-0